Premier League 21/22 matchweek 3 King of the match - Statistics

General Stats
  • This quiz has been taken 7 times
  • The average score is 9 of 10
Answer Stats
Hint Answer % Correct
Brighton 0-2 Everton Dominic Calvert-Lewin
100%
Man City 5-0 Arsenal Ferran Torres
100%
Tottenham 1-0 Watford Heung-Min Son
100%
Norwich 1-2 Leicester Jamie Vardy
100%
West Ham 2-2 Crystal Palace Michail Antonio
100%
Liverpool 1-1 Chelsea Mohamed Salah
100%
Aston Villa 1-1 Brentford Danny Ings
86%
Wolves 0-1 Man United Mason Greenwood
86%
Newcastle 2-2 Southampton Allan Saint-Maximin
71%
Burnley 1-1 Leeds Patrick Bamford
71%
No matching quizzes found
Score Distribution
Percent of People with Each Score
Percentile by Number Answered
Your Score History
You have not taken this quiz